| 000 | 00659nam a2200229Ia 4500 | ||
|---|---|---|---|
| 001 | 16005 | ||
| 003 | GE_BSU | ||
| 008 | 181216s||||||||xx |||||||||||||| ||und|| | ||
| 040 | _cGE_BSU | ||
| 080 | _a821.353.1-1 + 821.353.1-11 | ||
| 100 | _aხარანაული, ბესიკ | ||
| 245 | _aლექსები | ||
| 245 | _bპოემა | ||
| 245 | _cრედ.ი.ორჯონიკიძე.მხ.სპ.ცინცაძე | ||
| 260 | _aთბილისი | ||
| 260 | _bმერანი | ||
| 260 | _c1975 | ||
| 300 | _a80გვ. ; 17სმ | ||
| 653 | _aლექსები | ||
| 653 | _aპოემა | ||
| 942 | _cBK | ||
| 999 |
_c49098 _d49098 |
||